Najlepsi strzelcy Manchesteru City. - Statystyki

Ogólne statystyki
  • Ten quiz został rozwiązany 271 razy
  • Średni wynik to 8 z 15
Statystyki odpowiedzi
Lata Narodowość Piłkarz % Poprawnych
2011-teraz Argentyna Aguero
98%
2015-teraz Belgia De Bruyne
89%
2011-2016 Bośnia i Hercegowina Dzeko
89%
2015-teraz Anglia Sterling
83%
2010-2018 Wybrzeże Kości Słoniowej Toure
82%
2010-2020 Hiszpania Silva
79%
2017-teraz Brazylia Jesus
77%
2010-2013 Włochy Balotelli
62%
2016-2020 Niemcy Sane
58%
2009-2013 Argentyna Tevez
57%
2002-2005 Francja Anelka
19%
1999-2011 Anglia Wright-Phillips
9%
1998-2003 Bermudy Goater
5%
1967-1974 Anglia Lee
4%
1990-1996 Irlandia Quinn
1%
Nie znaleziono quizów pasujących do podanych kryteriów
Rozkład punktacji
Procent ludzi z każdym wynikiem
Percentyl według liczby udzielonych odpowiedzi
Twoja historia wyników
Nie rozwiązałeś tego quizu